000 00931nam a2200289 a 4500
005 20191224041601.0
008 140227b1999 txua gr|||| 00| 0 eng d
040 _aCO-BoIAVH
_cCO-BoIAVH
041 _aeng
044 _axxu
082 4 _a333.7316
_bR59c
100 1 _aRitchie Chung, Beth
_912096
245 1 _aCommunity based land use planning in conservation areas
_blessons from local participatory processes that seek to balance economic uses with ecosystem protection
260 _aArlington
_bNature Conservancy
_c1999
300 _a90 paginas.
_bilustraciones.;
_c28 x 22 cm
650 4 _aUso del suelo
_93216
650 4 _aParticipación comunitaria
_951415
650 4 _aAreas
_951416
650 4 _aáreas de conservación
_951417
662 _aEcuador
662 _aMéxico
662 _aNicaragua
662 _aEstados Unidos de Norteamérica
662 _aCanada
662 _aBelize
942 _cLIBRO
_2ddc
999 _c1397
_d1397